000 00919nam a2200253Ia 4500
003 OSt
005 20221005113028.0
006 a|||||r|||| 00| 0
007 ta
008 221004b |||||||| |||| 00| 0 pan d
020 _c250
024 _a117098
037 _b595, 09/02/2012, H.K. Prakashan
_cTextual
040 _aCRL
_cCRL
_bpan
041 _2pan
_apan
082 _aQ8441:21:g, 153P6
100 _aਜਸਪਾਲ ਸਿੰਘ, ਥਦ।
245 0 _aਸ੍ਰੀ ਗੁਰੂ ਗ੍ਰੰਥ ਸਾਹਿਬ
_b ਸਦੀਵੀ ਪ੍ਰੇਰਨਾ ਸਰੋਤ
260 _aਦਿੱਲੀ
_bਪੰਜਾਬੀ ਅਕਾਦਮੀ ਭਾਰਤ
_c2006
300 _a304ਪੰ
_ccm.
650 _aਸਿੱਖ ਧਰਮ
_9156314
942 _hQ8441:21:g, 153P6
_cTEXL
_2cc
999 _c1026820
_d1026820